000 00300nam a2200133 i 4500
001 bg
100 1 _aMILEWSKI, M.
245 0 _aGeodezja górnicza.
_nCz. 1 /
_cM. Milewski.
260 _aKraków,
_c1988.
040 _cBPK
041 _apol
942 _cKS
008 s pl f |000 0 pol
999 _c3588
_d3588
856 _uhttp://koha.tu.koszalin.pl/cgi-bin/koha/opac-detail.pl?biblionumber=3588
_yKatalog online BPK